[Event "Arak op 15th"]
[White "Soozankar, Amir Mohammad"]
[Black "Saleh Kotah, Sayed Ataollah"]
[Site "Arak"]
[Round "2.2"]
[Result "1-0"]
[Date "2016.08.12"]
[WhiteElo "2334"]
[BlackElo "1905"]
[PlyCount "35"]
[EventDate "2016.08.11"]
[EventType "swiss"]
[EventRounds "11"]
[EventCountry "IRI"]
[SourceTitle "CBM 173 Extra"]
[Source "ChessBase"]
[SourceDate "2016.08.29"]
[SourceVersion "1"]
[SourceVersionDate "2016.08.29"]
[SourceQuality "1"]

1. e4 d6 2. d4 Nf6 3. Nc3 g6 4. f4 Bg7 5. e5 Nfd7 6. Nf3 0-0 7. h4 c5 8. h5 cxd4 9. hxg6 hxg6 10. Qxd4 Nb6 11. Qf2 e6 12. Ng5 Nd5 13. Nce4 dxe5 14. Rh8+ Bxh8 15. Qh4 Qxg5 16. Nxg5 Nf6 17. fxe5 Nh5 18. g4 1-0